Puzzling adventures : tales of strategy, logic, and mathematical skill
Αποθηκεύτηκε σε:
| Κύριος συγγραφέας: | |
|---|---|
| Μορφή: | Βιβλίο |
| Γλώσσα: | English |
| Δημοσίευση: |
New York; London :
W. W. Norton & Company,
[c2005]
|
| Θέματα: | |
| Ετικέτες: |
Προσθήκη ετικέτας
Δεν υπάρχουν, Καταχωρήστε ετικέτα πρώτοι!
|
MARC
| LEADER | 00000nam a2200000 i 4500 | ||
|---|---|---|---|
| 001 | 1/33373 | ||
| 008 | 060808s2005 eng d | ||
| 020 | |a 0-393-32663-2 (pbk.) | ||
| 035 | |l 10084930 | ||
| 040 | |a GR-MY-UA |b gre |e aacr | ||
| 041 | 0 | |a eng | |
| 082 | 0 | |a 793.74 |2 (22) | |
| 100 | 1 | |a Shasha, Dennis Elliott. | |
| 245 | 1 | 0 | |a Puzzling adventures : |b tales of strategy, logic, and mathematical skill / |c Dennis E. Shasha |
| 260 | |a New York; London : |b W. W. Norton & Company, |c [c2005] | ||
| 300 | |a 227 σ.; |c 21 εκ. | ||
| 500 | |a Άνω του τίτλου: 36 puzzles from the pages of Scientific American enhanced and expanded for hours of recreational reckoning | ||
| 650 | 0 | 0 | |a Mathematical recreations. |
| 650 | 0 | 0 | |a Calculators. |
| 852 | |a INST |b RHODES |e 20060808 |h 793.74 SHA |p 005400024444 |q 005400024444 |t BK |y 0 | ||
| 901 | |a BIBL4-2006-2 | ||
| 909 | |a Ρ |b 126843 | ||
| 920 | |a ΑΝΑΜΟΡΦΩΣΗ |b ΕΠΕΑΕΚ ΙΙ-ΤΕΠΑΕΣ |y ΡΟΔΟΣ |z 2006-06 | ||
| 970 | |a ΚΟΖΑ |b ΜΑΡΙΑ |z 2006/08/08 | ||